000 00932nmm a2200277 a 4500
001 ocm000598286
003 TR-IsHL
005 20201028125743.0
008 130927s1998 tu tur
007 cr cn
020 _a9789755122892
035 _a598286
_b(N$T)
050 0 4 _aKKX3406
_b.S67 1998
090 0 4 _aKKX3406
_b.S67 1998
245 1 0 _aSorularla ithalat mevzuatı
_h[electronic resource] /
_chaz. Tülay Sobutay
250 _a1 bs.
260 _aİstanbul :
_bİstanbul Ticaret Odası,
_c1998
300 _a40 p.
650 4 _aEkonomi ve Finans
650 4 _aEconomics and Finance
650 0 _aDış ticaret yönetmeliği
_x Türkiye
650 0 _aForeign trade regulation
_x Turkey
650 7 _aPOLITICAL SCIENCE / International Relations / Trade & Tariffs
_2bisacsh
700 1 _aSobutay, Tülay
856 4 0 _uhttp://search.ebscohost.com/login.aspx?direct=true&scope=site&db=e011xww&AN=598286
999 _c3651
_d3651